[Event "Belgrade Radnicki Schev 02"]
[Site "Belgrade"]
[Date "2024.02.24"]
[Round "5.2"]
[White "Aansh, Nandan Nerurkar"]
[Black "Kovacevic, Bozidar"]
[Result "1-0"]
[WhiteElo "1786"]
[BlackElo "1730"]
[PlyCount "34"]
[EventDate "2024.02.22"]
[EventType "schev"]
[EventRounds "10"]
[EventCountry "SRB"]
[SourceTitle "CB10_2024"]
[SourceDate "2024.03.06"]
[SourceVersion "1"]
[SourceVersionDate "2024.03.06"]
[SourceQuality "1"]
[WhiteTeam "Team A"]
[BlackTeam "Team B"]
[WhiteTeamCountry "SRB"]
[BlackTeamCountry "SRB"]

1. e4 c5 2. Nf3 e6 3. g3 d5 4. exd5 Qxd5 5. Nc3 Qd8 6. Bg2 Nf6 7. 0-0 Nc6 8. b3 Be7 9. Bb2 0-0 10. Re1 Rb8 11. d3 b5 12. Qd2 Nd4 13. Nxd4 cxd4 14. Ne2 Bc5 15. Qf4 Bb7 16. Bxb7 Rxb7 17. Nxd4 Nd5 1-0

[Event "SRB Central-ch op-A 8th"]
[Site "Paracin"]
[Date "2015.07.06"]
[Round "4"]
[White "Carnic, Srdjan"]
[Black "Kovacevic, Bozidar"]
[Result "1-0"]
[WhiteElo "2317"]
[BlackElo "2000"]
[PlyCount "89"]
[EventDate "2015.07.03"]
[EventType "swiss"]
[EventRounds "9"]
[EventCountry "SRB"]
[SourceTitle "CBM 167 Extra"]
[Source "ChessBase"]
[SourceDate "2015.09.14"]
[SourceVersion "1"]
[SourceVersionDate "2015.09.14"]
[SourceQuality "1"]

1. e4 e6 2. d4 d5 3. Nd2 dxe4 4. Nxe4 Nd7 5. Nf3 Ngf6 6. Bd3 Nxe4 7. Bxe4 Nf6 8. Bd3 c5 9. dxc5 Bxc5 10. 0-0 0-0 11. Qe2 Be7 12. Ne5 Nd5 13. c4 Nb4 14. Bb1 f5 15. a3 Nc6 16. Nxc6 bxc6 17. Bf4 Qd4 18. Be5 Qg4 19. Qxg4 fxg4 20. Be4 Bb7 21. Rad1 Rfd8 22. b4 Rac8 23. b5 Ba8 24. Rxd8+ Bxd8 25. Rd1 cxb5 26. Bxa8 Rxa8 27. cxb5 Rc8 28. g3 Bc7 29. Rc1 Bxe5 30. Rxc8+ Kf7 31. a4 Ke7 32. a5 Kd7 33. Rc6 Bc7 34. Ra6 Bb8 35. b6 axb6 36. Rxb6 Bc7 37. Rb7 Kc6 38. a6 g5 39. Rb4 Bb6 40. Rxg4 h6 41. h4 Bd8 42. hxg5 hxg5 43. Re4 Kb6 44. Rxe6+ Ka7 45. Rg6 1-0

[Event "SRB Central-ch op-A 8th"]
[Site "Paracin"]
[Date "2015.07.03"]
[Round "1"]
[White "Kovacevic, Bozidar"]
[Black "Cvetanovic, Uros"]
[Result "1-0"]
[WhiteElo "2000"]
[BlackElo "2264"]
[PlyCount "55"]
[EventDate "2015.07.03"]
[EventType "swiss"]
[EventRounds "9"]
[EventCountry "SRB"]
[SourceTitle "CBM 167 Extra"]
[Source "ChessBase"]
[SourceDate "2015.09.14"]
[SourceVersion "1"]
[SourceVersionDate "2015.09.14"]
[SourceQuality "1"]

1. e4 c5 2. Nf3 a6 3. c4 e6 4. Nc3 g5 5. d4 h6 6. dxc5 Bxc5 7. Nd4 Qf6 8. Be3 Nc6 9. Nc2 Bf8 10. Be2 Nge7 11. 0-0 Ng6 12. Bh5 Nf4 13. g3 Rg8 14. gxf4 gxf4+ 15. Kh1 Qh4 16. Bb6 Ne5 17. Bf3 d6 18. Bd4 Nxc4 19. Qe2 Na5 20. Rg1 Rg5 21. Rxg5 hxg5 22. Nd5 exd5 23. exd5+ Be7 24. Bf6 Be6 25. Bxe7 Kxe7 26. dxe6 fxe6 27. Nd4 Qh3 28. Bg4 1-0

[Event "Belgrade-chT"]
[Site "Belgrade"]
[Date "2014.05.08"]
[Round "3"]
[White "Kovacevic, Bozidar"]
[Black "Dinic, Goran"]
[Result "0-1"]
[WhiteElo "1927"]
[BlackElo "2237"]
[PlyCount "110"]
[EventDate "2014.05.05"]
[EventType "swiss"]
[EventRounds "5"]
[EventCountry "SRB"]
[SourceTitle "CBM 160 Extra"]
[Source "ChessBase"]
[SourceDate "2014.07.01"]
[SourceVersion "1"]
[SourceVersionDate "2014.07.01"]
[SourceQuality "1"]

1. e4 c5 2. Nf3 e6 3. c4 Nc6 4. Nc3 Qb6 5. b3 d6 6. Bb2 Nf6 7. Be2 Be7 8. 0-0 0-0 9. Ne1 Nd4 10. f4 Rd8 11. Bf3 Bd7 12. Nc2 Bc6 13. Ne3 a6 14. d3 Qc7 15. Ne2 Nxf3+ 16. Rxf3 d5 17. Be5 Qd7 18. exd5 exd5 19. cxd5 Nxd5 20. Nxd5 Qxd5 21. Ng3 Qd7 22. Re3 f6 23. Bb2 Bd6 24. Nh5 Kf7 25. Nxf6 Qf5 26. Qh5+ Qxh5 27. Nxh5 Bf8 28. Kf1 g6 29. Ng3 Bh6 30. Be5 Kg8 31. Ne4 Bxe4 32. dxe4 Rd2 33. Re2 Rad8 34. Rae1 R2d3 35. g3 b5 36. Rc2 Bf8 37. f5 gxf5 38. exf5 h5 39. Ree2 Kf7 40. Bf4 R8d5 41. Re6 Rd1+ 42. Kg2 Rxf5 43. Rxa6 h4 44. a4 hxg3 45. hxg3 b4 46. Rc4 Rd3 47. Re4 Rxb3 48. Ree6 c4 49. Rec6 c3 50. Ra7+ Kg8 51. Rg6+ Kh8 52. Bg5 c2 53. Bf6+ Rxf6 54. Rxf6 Bg7 55. Rf4 c1Q 0-1

[Event "Belgrade-chT"]
[Site "Belgrade"]
[Date "2014.05.07"]
[Round "2"]
[White "Novovic, Veljko"]
[Black "Kovacevic, Bozidar"]
[Result "1/2-1/2"]
[WhiteElo "1845"]
[BlackElo "1927"]
[PlyCount "43"]
[EventDate "2014.05.05"]
[EventType "swiss"]
[EventRounds "5"]
[EventCountry "SRB"]
[SourceTitle "CBM 160 Extra"]
[Source "ChessBase"]
[SourceDate "2014.07.01"]
[SourceVersion "1"]
[SourceVersionDate "2014.07.01"]
[SourceQuality "1"]

1. e4 Nf6 2. e5 Nd5 3. d4 d6 4. c4 Nb6 5. f4 dxe5 6. fxe5 Bf5 7. Nf3 e6 8. Be3 c5 9. Nc3 cxd4 10. Nxd4 Nc6 11. Nxc6 bxc6 12. Qf3 Qc7 13. Be2 Be7 14. 0-0 0-0 15. Qf4 Nd7 16. Bd4 c5 17. Nb5 Qb6 18. Bc3 a6 19. Nd6 Bxd6 20. exd6 Bg6 21. Rad1 e5 22. Qh4 1/2-1/2

[Event "Belgrade-ch"]
[Site "Belgrade"]
[Date "2014.01.23"]
[Round "1"]
[White "Kovacevic, Bozidar"]
[Black "Nestorovic, Lazar"]
[Result "0-1"]
[WhiteElo "1946"]
[BlackElo "2381"]
[PlyCount "56"]
[EventDate "2014.01.23"]
[EventType "swiss"]
[EventRounds "9"]
[EventCountry "SRB"]
[SourceTitle "CBM 158 Extra"]
[Source "ChessBase"]
[SourceDate "2014.02.28"]
[SourceVersion "1"]
[SourceVersionDate "2014.02.28"]
[SourceQuality "1"]

1. e4 c5 2. Nf3 d6 3. d4 cxd4 4. Nxd4 Nf6 5. Nc3 a6 6. Bc4 e6 7. Bb3 Nbd7 8. 0-0 Nc5 9. Qf3 Be7 10. Rd1 Qc7 11. h3 0-0 12. Nde2 b5 13. a3 Bb7 14. Ng3 Nxb3 15. cxb3 d5 16. Qe2 Rfd8 17. e5 Nd7 18. f4 Nc5 19. b4 d4 20. Nxb5 axb5 21. bxc5 Bxc5 22. Qxb5 d3+ 23. Kh2 Ra5 24. Qb3 Qc6 25. Rd2 Be3 26. Qd1 Bxd2 27. Qxd2 Rc5 28. Qf2 Rxc1 0-1

[Event "SRB Central-ch op-A 6th"]
[Site "Paracin"]
[Date "2013.07.12"]
[Round "9"]
[White "Popovic, Milan S"]
[Black "Kovacevic, Bozidar"]
[Result "1-0"]
[WhiteElo "2212"]
[BlackElo "1933"]
[PlyCount "77"]
[EventDate "2013.07.05"]
[EventType "swiss"]
[EventRounds "9"]
[EventCountry "SRB"]
[SourceTitle "EXT 2014"]
[Source "ChessBase"]
[SourceDate "2013.11.20"]
[SourceVersion "1"]
[SourceVersionDate "2013.11.20"]
[SourceQuality "1"]

1. e4 c6 2. Nc3 d5 3. Qe2 dxe4 4. Nxe4 Bf5 5. d3 Bxe4 6. dxe4 e5 7. Nf3 Qc7 8. c3 Nf6 9. Qc2 Nbd7 10. Bg5 Be7 11. Be2 0-0 12. 0-0 Nc5 13. Nd2 Ne6 14. Be3 Nf4 15. Bf3 Nd7 16. g3 Ng6 17. b4 Rfd8 18. Rfd1 Ndf8 19. Nc4 b6 20. Rxd8 Rxd8 21. Rd1 Ne6 22. Bg4 Rxd1+ 23. Qxd1 Ngf8 24. Qd2 b5 25. Na5 c5 26. a3 a6 27. Bd1 Bd6 28. Bb3 c4 29. Bc2 Qe7 30. Qd5 Bc7 31. Nc6 Qd6 32. a4 Qxd5 33. exd5 Nd8 34. d6 Nxc6 35. dxc7 Ne7 36. axb5 axb5 37. Bc5 Nc8 38. Bxf8 Kxf8 39. Bf5 1-0

[Event "SRB Central-ch op-A 6th"]
[Site "Paracin"]
[Date "2013.07.09"]
[Round "6"]
[White "Dodic, Dragan"]
[Black "Kovacevic, Bozidar"]
[Result "1-0"]
[WhiteElo "2141"]
[BlackElo "1933"]
[PlyCount "99"]
[EventDate "2013.07.05"]
[EventType "swiss"]
[EventRounds "9"]
[EventCountry "SRB"]
[SourceTitle "CBM 155 Extra"]
[Source "ChessBase"]
[SourceDate "2013.08.26"]
[SourceVersion "1"]
[SourceVersionDate "2013.08.26"]
[SourceQuality "1"]

1. d4 Nf6 2. c4 g6 3. Nc3 d5 4. Nf3 Bg7 5. Qb3 dxc4 6. Qxc4 Nfd7 7. e4 Nb6 8. Qd3 Bg4 9. Be3 Bxf3 10. gxf3 Nc6 11. Rd1 0-0 12. f4 f5 13. e5 Nb4 14. Qb5 Nc2+ 15. Ke2 Nxe3 16. fxe3 c6 17. Qb3+ Kh8 18. Bg2 Qc8 19. d5 g5 20. dxc6 bxc6 21. Kf2 gxf4 22. exf4 Bh6 23. Ne2 Qe8 24. Bf3 e6 25. Rd6 Nd5 26. Bxd5 cxd5 27. Qh3 Bg7 28. Rc1 Rc8 29. Rxc8 Qxc8 30. Qc3 Qe8 31. Ng3 Qa4 32. Ne2 Re8 33. Qc6 Qxc6 34. Rxc6 Kg8 35. Nd4 Kf7 36. Rc7+ Re7 37. Rxe7+ Kxe7 38. Nc6+ Kd7 39. Nxa7 Bf8 40. Ke2 Kc7 41. Nb5+ Kd7 42. Nd4 Bc5 43. Nf3 h6 44. Ne1 Bg1 45. h3 Kc6 46. Nf3 Bc5 47. h4 Kb5 48. h5 Be7 49. a3 Bc5 50. b4 1-0

[Event "Belgrade Trophy 26th"]
[Site "Belgrade"]
[Date "2012.11.26"]
[Round "3"]
[White "Kovacevic, Bozidar"]
[Black "Vucinic, Gojko"]
[Result "0-1"]
[WhiteElo "1923"]
[BlackElo "2212"]
[PlyCount "32"]
[EventDate "2012.11.24"]
[EventType "swiss"]
[EventRounds "9"]
[EventCountry "SRB"]
[SourceTitle "CBM 151 Extra"]
[Source "ChessBase"]
[SourceDate "2012.12.18"]
[SourceVersion "1"]
[SourceVersionDate "2012.12.18"]
[SourceQuality "1"]

1. b4 e5 2. Bb2 Bxb4 3. Bxe5 Nf6 4. Nf3 0-0 5. e3 d5 6. c4 Re8 7. cxd5 Nxd5 8. Bc4 Nc6 9. Bb2 Be6 10. Be2 Nf4 11. 0-0 Nd3 12. Bc3 Bc4 13. a4 Qd5 14. Na3 Bb3 15. Qb1 Bxc3 16. dxc3 Nde5 0-1

[Event "Belgrade Spring op"]
[Site "Belgrade"]
[Date "2011.03.28"]
[Round "6"]
[White "Kovacevic, Bozidar"]
[Black "Bolehradski, Jovica"]
[Result "0-1"]
[WhiteElo "1856"]
[BlackElo "2182"]
[PlyCount "86"]
[EventDate "2011.03.23"]
[EventType "swiss"]
[EventRounds "9"]
[EventCountry "SRB"]
[SourceTitle "CBM 141 Extra"]
[Source "ChessBase"]
[SourceDate "2011.05.03"]
[SourceVersion "1"]
[SourceVersionDate "2011.05.03"]
[SourceQuality "1"]

1. e4 c5 2. Nf3 d6 3. d4 cxd4 4. Nxd4 Nf6 5. Nc3 g6 6. Be2 Bg7 7. Be3 Nc6 8. 0-0 0-0 9. Nb3 Be6 10. f4 Na5 11. f5 Bc4 12. Nxa5 Bxe2 13. Qxe2 Qxa5 14. Qd3 Rac8 15. Bd4 Rfe8 16. h3 Nd7 17. Bxg7 Kxg7 18. Nd5 Qc5+ 19. Rf2 Nf6 20. Qf3 Qd4 21. c3 Qxe4 22. Nxf6 exf6 23. Qxe4 Rxe4 24. Rd1 Rc6 25. g4 b5 26. Rdf1 d5 27. g5 fxg5 28. fxg6 Kxg6 29. Rxf7 Re2 30. R1f2 Rxf2 31. Rxf2 Re6 32. Rd2 Re5 33. Rd4 Re2 34. Rb4 a6 35. a4 bxa4 36. Rxa4 Rxb2 37. Rxa6+ Kf5 38. Ra4 Rc2 39. Ra7 h5 40. Rf7+ Ke4 41. Re7+ Kf4 42. Rd7 Rxc3 43. h4 Kg3 0-1